Learning Resource and Development

Celia / (Record no. 20397)

MARC details
000 -LEADER
fixed length control field 01011cam a2200301Ia 4500
001 - CONTROL NUMBER
control field celialois00menz
003 - CONTROL NUMBER IDENTIFIER
control field CaSfIA
005 - DATE AND TIME OF LATEST TRANSACTION
control field 20230525154941.0
007 - PHYSICAL DESCRIPTION FIXED FIELD--GENERAL INFORMATION
fixed length control field cr||||
008 - FIXED-LENGTH DATA ELEMENTS--GENERAL INFORMATION
fixed length control field 950809s1995 nyu 000 1 eng d
010 ## - LIBRARY OF CONGRESS CONTROL NUMBER
LC control number 95090143
040 ## - CATALOGING SOURCE
Original cataloging agency SDL
Transcribing agency SDL
Modifying agency SVP
-- OCL
-- OCLCQ
-- CaSfIA
020 ## - INTERNATIONAL STANDARD BOOK NUMBER
International Standard Book Number 0449223426 :
Terms of availability $4.50
020 ## - INTERNATIONAL STANDARD BOOK NUMBER
International Standard Book Number 9780449223420
035 ## - SYSTEM CONTROL NUMBER
System control number (OCoLC)32942588
043 ## - GEOGRAPHIC AREA CODE
Geographic area code e-uk-en
050 #4 - LIBRARY OF CONGRESS CALL NUMBER
Classification number PS3563.E593
Item number C44 1995
029 1# - OTHER SYSTEM CONTROL NUMBER (OCLC)
OCLC library identifier AU@
System control number 000013475642
100 1# - MAIN ENTRY--PERSONAL NAME
Personal name Menzel, Lois.
245 10 - TITLE STATEMENT
Title Celia /
Medium [electronic resource]
Statement of responsibility, etc. Lois Menzel.
250 ## - EDITION STATEMENT
Edition statement 1st ed.
260 ## - PUBLICATION, DISTRIBUTION, ETC.
Place of publication, distribution, etc. New York :
Name of publisher, distributor, etc. Fawcett Crest/Ballantine,
Date of publication, distribution, etc. 1995.
300 ## - PHYSICAL DESCRIPTION
Extent 213 p. ;
Dimensions 17 cm.
651 #0 - SUBJECT ADDED ENTRY--GEOGRAPHIC NAME
Geographic name England
General subdivision Social life and customs
Chronological subdivision 19th century
Form subdivision Fiction.
655 #7 - INDEX TERM--GENRE/FORM
Genre/form data or focus term Regnecy novels.
Source of term gsafd
856 41 - ELECTRONIC LOCATION AND ACCESS
Uniform Resource Identifier <a href="http://www.archive.org/details/celialois00menz">http://www.archive.org/details/celialois00menz</a>
Public note Free eBook from the Internet Archive
856 42 - ELECTRONIC LOCATION AND ACCESS
Uniform Resource Identifier <a href="http://www.openlibrary.org/books/OL7566668M">http://www.openlibrary.org/books/OL7566668M</a>
Public note Additional information and access via Open Library
Holdings
Withdrawn status Lost status Damaged status Not for loan Collection Home library Current library Date acquired Total Checkouts Date last seen Price effective from Koha item type
        Project Gutenberg Main Library Main Library 05/25/2023   05/25/2023 05/25/2023 EBooks